000 00817nam a2200205 a 4500
001 000625900
003 AM-YEHGA
005 20250617163958.0
008 090121s1962 r 000 0 rus d
040 _aAM-YeHGA
041 0 _arus
100 1 _aЛитвин-Седой, Михаил Зиновьевич
245 1 0 _aМеханика /
_cМ.З. Литвин-Седой, В.С. Ленский.
260 _aМосква :
_bИзд-во МГУ,
_c1962.
300 _a42 с.
500 _aО специальности " механика " на механико-математическом факультете Московского государственного университета
650 1 4 _aМеханика
700 1 _aЛенский, Виктор Степанович
090 _c519355
999 _c515814
_d515814